header

Nitrenes and nitrenium ions (Record no. 10113)

MARC details
000 -LEADER
fixed length control field 03650nam a2200373 a 4500
001 - CONTROL NUMBER
control field ebr10692088
003 - CONTROL NUMBER IDENTIFIER
control field CaPaEBR
006 - FIXED-LENGTH DATA ELEMENTS--ADDITIONAL MATERIAL CHARACTERISTICS--GENERAL INFORMATION
fixed length control field m u
007 - PHYSICAL DESCRIPTION FIXED FIELD--GENERAL INFORMATION
fixed length control field cr cn|||||||||
008 - FIXED-LENGTH DATA ELEMENTS--GENERAL INFORMATION
fixed length control field 130214s2013 njuad sb 001 0 eng d
010 ## - LIBRARY OF CONGRESS CONTROL NUMBER
Canceled/invalid LC control number 2012045176
020 ## - INTERNATIONAL STANDARD BOOK NUMBER
Cancelled/invalid ISBN 9780470390597 (hardback)
Cancelled/invalid ISBN 9781118560938 (e-book)
040 ## - CATALOGING SOURCE
Original cataloging agency CaPaEBR
Transcribing agency CaPaEBR
035 ## - SYSTEM CONTROL NUMBER
System control number (OCoLC)828834228
050 14 - LIBRARY OF CONGRESS CALL NUMBER
Classification number QD181.N1
Item number N58 2013eb
082 04 - DEWEY DECIMAL CLASSIFICATION NUMBER
Classification number 546/.711572
Edition number 23
245 00 - TITLE STATEMENT
Title Nitrenes and nitrenium ions
Medium [electronic resource] /
Statement of responsibility, etc edited by Daniel E. Falvey, Anna D. Gudmundsdottir.
260 ## - PUBLICATION, DISTRIBUTION, ETC. (IMPRINT)
Place of publication, distribution, etc Hoboken, N.J. :
Name of publisher, distributor, etc Wiley,
Date of publication, distribution, etc 2013.
300 ## - PHYSICAL DESCRIPTION
Extent xii, 586 p. :
Other physical details ill.
490 1# - SERIES STATEMENT
Series statement Wiley series of reactive intermediates in chemistry and biology ;
Volume number/sequential designation v. 6
504 ## - BIBLIOGRAPHY, ETC. NOTE
Bibliography, etc Includes bibliographical references and index.
505 8# - FORMATTED CONTENTS NOTE
Formatted contents note Machine generated contents note: Preface Contributors Introduction Chapter 1. Ultrafast Studies of Azides and Nitrenes Jin Wang, Matthew S. Platz, The Ohio State University, Ohio, Gotard Burdzinski, Adam Mickiewicz University Poland Chapter 2. Computational Studies of Nitrenes and their Excited State Precursors Subham Vyas, Arthur H. Winter, Christopher M. Haddad, The Ohio State University, Ohio Chapter 3. Nitrenium Ions in Photoaffinity Labeling R. Marshall Wilson, Valentyna Voskresenska Bowling Green State University, Ohio Chapter 4. Nitrenium Ions in Aquoeous Solution Mike Novak, Yue-Ting Wang Miami University, Ohio Chapter 5 Triplet Alkylnitrenes Sivaramakrishnan Muthukrishnan, Ranaweera A. A. U. Ranaweera, Anna D. Gudmundsdottir, University of Cincinnati, Ohio Chapter 6. Electronic Structures of Nitrenium Ions Dan Falvey, University of Maryland, Maryland Chapter 7. Raman Studies of Nitrenium Ions David Lee Phillips, University of Hong Kong, Hong Kong Chapter 8. Matrix Studies of Heterocyclic Nitrenes Curt Wentrup University of Queensland, Australia Chapter 9. Dehydroaromatic Nitrenes Dirk Grote Wolfram Sander, Ruhr-Universitat Bochum, Germany Chapter 10. Synthetic Applications of Nitrenium Ions Duncan Wardrop, University of Illinois-Chicago, Illinois Chapter 11. Flourinated Nitrene Precursors Elisa Leyva, Denisse de Loera Socorro Leyva Jimenez-Catano, Univ. Autonoma San Luis Potosi, San Luis Potosi, Mexico Chapter 12. Acylnitrenes Nina Gritsan, Institute of Chemical Kinetics and Combustion Novosibirsk, Russia Index.
520 ## - SUMMARY, ETC.
Summary, etc "Nitrenes and Nitrenium ions are reactive intermediates with monovalent nitrogen atoms. These intermediates have diverse reactivity and physical properties, depending on their structure and spin state. The leading experts in nitrene chemistry have contributed to this book to highlight how spectroscopy and calculations have been used to characterize various nitrene intermediates. Emphasizes have also been placed on identifying the diverse methods to form these intermediates. Furthermore, the reactivity of nitrenes and nitrenium ions is discussed in details and how the reactivity can be used in various applications"--
Assigning source Provided by publisher.
533 ## - REPRODUCTION NOTE
Type of reproduction Electronic reproduction.
Place of reproduction Palo Alto, Calif. :
Agency responsible for reproduction ebrary,
Date of reproduction 2013.
Note about reproduction Available via World Wide Web.
-- Access may be limited to ebrary affiliated libraries.
650 #0 - SUBJECT ADDED ENTRY--TOPICAL TERM
Topical term or geographic name as entry element Nitrenes.
Topical term or geographic name as entry element Nitrogen compounds.
655 #7 - INDEX TERM--GENRE/FORM
Genre/form data or focus term Electronic books.
Source of term local
700 1# - ADDED ENTRY--PERSONAL NAME
Personal name Falvey, Daniel E.,
Dates associated with a name 1961-
Personal name Gudmundsdottir, Anna D.,
Dates associated with a name 1962-
710 2# - ADDED ENTRY--CORPORATE NAME
Corporate name or jurisdiction name as entry element ebrary, Inc.
830 #0 - SERIES ADDED ENTRY--UNIFORM TITLE
Uniform title Wiley series on reactive intermediates in chemistry and biology ;
Volume number/sequential designation v. 6.
856 40 - ELECTRONIC LOCATION AND ACCESS
Uniform Resource Identifier <a href="http://site.ebrary.com/lib/rucke/Doc?id=10692088">http://site.ebrary.com/lib/rucke/Doc?id=10692088</a>
Public note An electronic book accessible through the World Wide Web; click to view

No items available.

© 2026 Rongo University
Contact us: librarian | system librarian | Rongo university